000 01010nam a2200265Ia 4500
003 OSt
005 20221005103059.0
006 a|||||r|||| 00| 0
007 ta
008 221004b |||||||| |||| 00| 0 hin d
020 _a9788180317453 (hbk)
_cINR 300.00
024 _a29569
037 _b281, 03/03/2017, Eastern Book Linkers
_cTextual
040 _aCRL
_cCRL
_bhin
041 _2hin
_ahin
082 _aO152,3:g, Q3
100 _aमार्कण्डेय, ले.
245 0 _aहिन्दी कहानीः यथार्थवादी नज़रिया
246 _aHindī kahānīah yathārthavādī naज़riyā
260 _aइलाहाबाद
_bलोकभारती प्रकाशन भारत
_c2013
300 _a146पृ0
_ccm.
650 _aहिन्दी कहानी
942 _hO152,3:g, Q3
_cTEXL
_2cc
999 _c1009379
_d1009379